Statistieken voor Turkmenistan Trivia Quiz

Klik hier om de quiz te nemen!

Algemene statistieken

  • Deze quiz is 179 keer genomen
  • De gemiddelde score is 13 van 20

Antwoordstatistieken

HintAntwoord% Correct
Aangrenzende landenOezbekistan
97%
Aangrenzende landenIran
95%
Aangrenzende landenAfghanistan
93%
Aangrenzende landenKazachstan
92%
Grote binnenlandse zee die aan Turkmenistan grenstKaspische Zee
87%
Land waaruit Turkmenistan in 1991 onafhankelijk werdSovjet-Unie
87%
Grootste talenRussisch
84%
HoofdstadAsjchabad
75%
Grootste talenTurkmeens
70%
Belangrijkste exportproductGas
65%
Duur bouwmateriaal dat een hoog percentage van de gebouwen in de hoofdstad bedektWit Marmer
57%
Het nationale dier van Turkmenistan, Akhal-Teke, is een soort __Paard
55%
Turkmenistan heeft een nationale feestdag om dit handgewoven product te vierenTapijt
51%
Belangrijkste gewasKatoen
50%
Valuta van TurkmenistanManat
38%
'President voor het Leven' van 1990 tot 2006, die een gigantisch gouden standbeeld van zichzelf bouwde dat altijd met zijn gezicht naar de zon draaideSaparmurat Niazov
38%
Betekenis van de naam van de hoofdstadStad van de {Liefde}
35%
Stad, gesticht door Alexander de Grote, die een van de grootste steden ter wereld was in de 12e en 13e eeuw, met ongeveer 500.000 inwonersMerv
34%
Woestijn die het grootste deel van Turkmenistan beslaatKarakum
33%
Beroemde gaskrater die in 1971 per ongeluk in brand werd gestoken en nog steeds brandtKrater van {Derweze}
32%

Scoreverdeling

Percentiel versus Aantal Correcte Antwoorden

Procent van Mensen met Elke Score

Uw Scoregeschiedenis

U heeft deze quiz nog niet genomen